000 01567 am a2200325 a 4500
001 60483
003 BD-RjUL
005 20211209080841.0
008 170101s1996 bg a |s o000 0 eng d
020 _a9845082173
_c: Tk. 400.00
035 _a(BD-RjUL)60607
035 _a(OCoLC)ocm27450619
035 _a(NNC)1450898
040 _aDLC
_cDLC
_dDLC
_dBD-RjUL
_beng
041 0 _aengben
082 _223
_a304.6095492021
_bMUN 1996 (CS)
110 _aBangladesh Bureau Of Statistics.
_9179266
245 1 0 _aBangladesh population census, 1991 = বাংলাদেশ আদমশুমারী, ১৯৯১ :
_bCommunity series, Zila: Munshiganj = কমিউনিটি সিরিজ, জেলা: মুন্সিগঞ্জ/
_cBangladesh Bureau Of Statistics.
246 _aবাংলাদেশ আদমশুমারী, ১৯৯১ :
_bকমিউনিটি সিরিজ, জেলা: মুন্সিগঞ্জ
260 _aDhaka :
_bBBS,
_c1996.
300 _axiv, 164 p. :
_bIll. ;
_c28 cm.
490 _aCommunity series, Zila: Munshiganj
490 _aকমিউনিটি সিরিজ, জেলা: মুন্সিগঞ্জ
500 _aPrefatory matter in Bengali and English.
651 0 _aBangladesh
_zMunshiganj
_xPopulation
_vStatistics
_9180017
651 0 _aBangladesh
_zGopalganj
_xCensus, 1991
_9181451
830 _aCommunity series, Zila: Munshiganj
_9181452
830 _aকমিউনিটি সিরিজ, জেলা: মুন্সিগঞ্জ
_9181453
942 _2ddc
_cRAR
999 _c60483
_d60483